Giáo trình lý thuyết và bài tập ngôn ngữ C T.2
Giới thiệu các vấn đề ứng dụng ngôn ngữ C như: Chuỗi kí tự, các kiểu dữ liệu tự tạo, kiểu file (trường), đồ hoạ, các chỉ thị tiền xử lý, các hàm thông dụng, các trình tiện ích
সংরক্ষণ করুন:
| প্রধান লেখক: | |
|---|---|
| অন্যান্য লেখক: | |
| বিন্যাস: | গ্রন্থ |
| ভাষা: | Vietnamese |
| প্রকাশিত: |
H.
Giáo dục
1998
|
| বিষয়গুলি: | |
| ট্যাগগুলো: |
ট্যাগ যুক্ত করুন
কোনো ট্যাগ নেই, প্রথমজন হিসাবে ট্যাগ করুন!
|
| Thư viện lưu trữ: | Mạng thư viện Đại học Đà Nẵng |
|---|
| LEADER | 01161nam a22003498a 4500 | ||
|---|---|---|---|
| 001 | 000009625 | ||
| 003 | 5822 | ||
| 005 | 20111031091032.0 | ||
| 008 | 111031s1998 b 000 0 od | ||
| 020 | |c 15.000đ |d 1000b | ||
| 041 | 0 | |a 9907 | |
| 041 | 0 | |a vie | |
| 080 | |a 6T7.3-018 | ||
| 084 | |a F973.2-018 |b G300á | ||
| 100 | 1 | |a Nguyễn Đình Tê | |
| 245 | 1 | 0 | |a Giáo trình lý thuyết và bài tập ngôn ngữ C |c Nguyễn Đình Tê, Hoàng Đức Hải |n T.2 |
| 260 | |a H. |b Giáo dục |c 1998 | ||
| 300 | |a 355tr |c 24cm | ||
| 505 | |a T.2 | ||
| 520 | |a Giới thiệu các vấn đề ứng dụng ngôn ngữ C như: Chuỗi kí tự, các kiểu dữ liệu tự tạo, kiểu file (trường), đồ hoạ, các chỉ thị tiền xử lý, các hàm thông dụng, các trình tiện ích | ||
| 653 | |a Tin học | ||
| 653 | |a giáo trình | ||
| 653 | |a ngôn ngữ lập trình | ||
| 700 | 1 | |a Hoàng Đức Hải |e Tác giả | |
| OWN | |a LSP | ||
| 999 | |a From the UDN01 | ||
| TYP | |a Monograph | ||
| TYP | |a Printed language | ||
| 980 | |a Mạng thư viện Đại học Đà Nẵng | ||